<The> Economic journal cumulative Index of Articles and Books Reviews Volumes 91-100 (1981-1990)

Salvato in:
Dettagli Bibliografici
Natura: Periodico
Lingua:inglese
Pubblicazione: London The Royal Economic Society 1996
Soggetti:
Tags: Aggiungi Tag
Nessun Tag, puoi essere il primo ad aggiungerne!!

MARC

LEADER 00000nas2a2200000 4500
001 s018760
005 20160720111714.9
022 |a 0013-0133 
041 0 |a eng 
044 |a GB 
245 1 0 |a <The> Economic journal  |b cumulative Index of Articles and Books Reviews Volumes 91-100 (1981-1990) 
264 1 |a London  |b The Royal Economic Society  |c 1996 
300 |a 1 zv. 
773 0 |w eu_un_cat*s120145 
610 2 0 |a analýza ekonomická 
610 2 0 |a ekonometria 
610 2 0 |a hospodárstvo svetové